|
|
|
|
| LEADER |
00909nam a22002297a 4500 |
| 001 |
30496 |
| 003 |
BD-DhAAL |
| 005 |
20241113141915.0 |
| 008 |
150901s1995 bg a|||| |||| 00| 0 eng d |
| 040 |
|
|
|a BD-DhAAL
|c BD-DhAAL
|
| 082 |
|
|
|2 22
|a 307.1412095492
|
| 245 |
|
|
|a Health and population programme :
|g July 1993 - December 1994,
|b report /
|
| 264 |
|
|
|a Dhaka :
|b BRAC,
|c 1995.
|
| 300 |
|
|
|a 61 pages :
|b illustrations ;
|c 28 cm.
|
| 541 |
|
|
|a Ayesha Abed Library
|e 30496
|
| 610 |
|
|
|a BRAC.
|9 14340
|
| 650 |
|
|
|a Rural Development
|z Bangladesh.
|9 14341
|
| 710 |
|
|
|a BRAC
|9 14340
|
| 852 |
|
|
|a Ayesha Abed Library
|c BRAC Resource Section
|
| 942 |
|
|
|2 ddc
|c BK
|
| 999 |
|
|
|c 36169
|d 36169
|
| 952 |
|
|
|0 0
|1 0
|2 ddc
|4 0
|6 307_141209549200000_HEA
|7 1
|8 RPT
|9 56881
|a BRACUL
|b BRACUL
|c BRS
|d 2015-11-16
|e Ayesha Abed Library
|l 0
|o 307.1412095492 HEA
|p 3010030496
|r 2015-11-16
|t 1
|w 2015-11-16
|y BK
|x Ayesha Abed Library ; price not available in register
|